On Jordan's stormy banks : (Record no. 5360)

MARC details
000 -LEADER
fixed length control field 00871cam a22002651a 4500
001 - CONTROL NUMBER
control field 9757402
003 - CONTROL NUMBER IDENTIFIER
control field GBCCL
005 - DATE AND TIME OF LATEST TRANSACTION
control field 20241126110539.0
008 - FIXED-LENGTH DATA ELEMENTS--GENERAL INFORMATION
fixed length control field 780727s1948 inu 000 1 eng
010 ## -
-- 48006913
035 ## - SYSTEM CONTROL NUMBER
System control number (OCoLC)4089450
040 ## - CATALOGING SOURCE
Original cataloging agency DLC
Transcribing agency KyMurT
Modifying agency OCoLC
-- OU
-- DLC
042 ## -
-- premarc
050 00 -
-- PZ3.R7953
-- On
082 ## - DEWEY DECIMAL CLASSIFICATION NUMBER
Classification number 813.54
Item number ROW
100 1# - MAIN ENTRY--PERSONAL NAME
Personal name Rowell, Adelaide C.
Fuller form of name (Adelaide Corinne),
Dates associated with a name 1887-
9 (RLIN) 9650
245 10 - TITLE STATEMENT
Title On Jordan's stormy banks :
Remainder of title a novel of Sam Davis, the Confederate scout / by Adelaide Rowell.
250 ## - EDITION STATEMENT
Edition statement 1st ed.
260 ## - PUBLICATION, DISTRIBUTION, ETC.
Place of publication, distribution, etc. Indianapolis :
Name of publisher, distributor, etc. Bobbs-Merrill Co.,
Date of publication, distribution, etc. c1948.
300 ## - PHYSICAL DESCRIPTION
Extent 368 p. ;
Dimensions 21 cm.
600 10 - SUBJECT ADDED ENTRY--PERSONAL NAME
Personal name Davis, Samuel,
Dates associated with a name 1842-1863
Form subdivision Fiction.
9 (RLIN) 9651
651 #0 - SUBJECT ADDED ENTRY--GEOGRAPHIC NAME
Geographic name United States
General subdivision History
Chronological subdivision Civil War, 1861-1865
Form subdivision Fiction.
9 (RLIN) 9652
906 ## - LOCAL DATA ELEMENT F, LDF (RLIN)
a 7
b cbc
c oclcrpl
d u
e ncip
f 19
g y-gencatlg
942 ## - ADDED ENTRY ELEMENTS (KOHA)
Source of classification or shelving scheme Dewey Decimal Classification
Koha item type Books
Holdings
Withdrawn status Lost status Source of classification or shelving scheme Damaged status Not for loan Home library Current Library Shelving location Date acquired Total checkouts Full call number Barcode Date last seen Copy number Price effective from Koha item type
    Dewey Decimal Classification     GRACE BIBLE COLLEGE GRACE BIBLE COLLEGE General Studies 2018-03-15   813.54 ROW 008042 2025-05-01 c.1 2018-03-15 Books
© Grace Bible College Library 2025